ნორმალური ფორმატი
MARC ფორმატი
ჩანაწერი Personal Name
ჩანაწერთა რაოდენობა, რომელიც გამოყენებულია: 3
001 - CONTROL NUMBER
- control field: 4984
003 - CONTROL NUMBER IDENTIFIER
- control field: GE_BSU
005 - DATE AND TIME OF LATEST TRANSACTION
- control field: 20191024113304.0
008 - FIXED-LENGTH DATA ELEMENTS
- fixed length control field: 191024|| aca||aabn | a|a d
040 ## - CATALOGING SOURCE
- Original cataloging agency: GE_BSU
- Transcribing agency: GE_BSU
100 ## - HEADING--PERSONAL NAME
- Personal name: ზექალაშვილი, რუსუდან
- Relator term: რედაქტორი
670 ## - SOURCE DATA FOUND
- Source citation: Work cat.: (GE_BSU)39078: ფეიქრიშვილი, ჟუჟუნა 4824, მასალები საზღვარგარეთული ქართველოლოგიის ისტორიისათვის=Materials for the history of international kartvelian studies :
